000 00866nam a2200265Ia 4500
003 OSt
005 20220923211647.0
006 a|||||r|||| 00| 0
007 ta
008 220922b |||||||| |||| 00| 0 san d
024 _a41,356
037 _cTextual
040 _aARTS
_cARTS
_bsan
041 _2san
_asan
082 _aO15,2:g(V), 152L4
100 _aशर्मा, श्याम
_9156290
245 0 _aसंस्कृत के ऐतिहासिक नाटक
246 _aSanskṛut ke aitihāsik nāṭaka
260 _aजयपुर
_b देवनागर प्रकाशन
_c1974
300 _a480पृ.
_ccm.
500 _aBib 478-80p
650 _aहिन्दी साहित्य
_9156264
942 _hO15,2:g(V), 152L4
_cTEXL
_2CC
999 _c302310
_d302310